Психолінгвістичні особливості вираження когнітивних гендерних стереотипів у мові ЗМІ (Запис № 284999)

МАРК-запис
000 -LEADER
fixed length control field 01513nam a22001577a 4500
041 ## - LANGUAGE CODE
Language code of text/sound track or separate title ukr
080 ## - UNIVERSAL DECIMAL CLASSIFICATION NUMBER
Universal Decimal Classification number 09
090 ## - LOCALLY ASSIGNED LC-TYPE CALL NUMBER (OCLC); LOCAL CALL NUMBER (OCLC)
Local cutter number (OCLC) ; Book number/undivided call number, CALL (RLIN) ТИМ
100 ## - MAIN ENTRY--PERSONAL NAME
Personal name Тимченко Мирослава Олександрівна
245 ## - TITLE STATEMENT
Title Психолінгвістичні особливості вираження когнітивних гендерних стереотипів у мові ЗМІ
260 ## - PUBLICATION, DISTRIBUTION, ETC. (IMPRINT)
Place of publication, distribution, etc Острог
Name of publisher, distributor, etc КАФ
Date of publication, distribution, etc 2012
300 ## - PHYSICAL DESCRIPTION
Extent 63
520 ## - SUMMARY, ETC.
Summary, etc Розділ 1. Гендер та його особливості.<br/>1.1 Гендер і гендерні поняття.<br/>1.2 Стереотипи та стерео типізація як проблема гендерних досліджень.<br/>1.3 Вплив гендерних стереотипів у рекламі.<br/>Розділ 2. Особливості лексики чоловіків і жінок в англомовному середовищі з точки зору лінгвістики у мові ЗМІ.<br/>2.1 Лексичний аналіз як метод вивчення спілкування чоловіків і жінок.<br/>2.2 Стилістичний аналіз як сповсіб дослідження стилю лексики чоловіків і жінок.<br/>2.3 Структурний аналіз як шлях зясування основних відмінностей лексики чоловіків і жінок за бесідою.
-- гендер, лексика.
650 ## - SUBJECT ADDED ENTRY--TOPICAL TERM
Topical term or geographic name as entry element Research Papers
942 ## - ADDED ENTRY ELEMENTS (KOHA)
Koha item type Книги
Фонди
Withdrawn status Lost status Source of classification or shelving scheme Damaged status Not for loan Home library Current library Date acquired Source of acquisition Cost, normal purchase price Total Checkouts Full call number Barcode Date last seen Price effective from Koha item type
    Universal Decimal Classification     ВІЛ - Відділ іноземн. літератури НБ ВІЛ - Відділ іноземн. літератури НБ 18/09/2012 Акт №5 1.00   09 215037 10/11/2021 18/09/2012 Книги